| 000 | 00875cam a2200217 4500 | ||
|---|---|---|---|
| 001 | WB2609-12 | ||
| 008 | 000000n2000 000 0 eng u | ||
| 035 | _a(Sirsi) u104542 | ||
| 245 | _aSupermarkets inquiry | ||
| 260 | _c2000 | ||
| 490 |
_aCompetition Commission News Release _v(10) 22 February 2000 (6) |
||
| 520 | _aA Competition Commission statement of possible remedies relating to its monopoly inquiry into supermarkets. Possible remedies have been grouped under three headings: competition issues (local market concentration), pricing and relations with suppliers. Also at www.competition-commission.org.uk/ref.htm | ||
| 590 | _aWB | ||
| 650 | _aSUPERMARKETS | ||
| 650 | _aCOMPETITION COMMISSION | ||
| 650 | _aMONOPOLIES | ||
| 650 | _aMULTIPLE STORES | ||
| 650 | _aPLANNING SYSTEM | ||
| 690 | _aPROPERTY-COMMERCIAL PROPERTY-RETAIL PROPERTY | ||
| 942 | _n0 | ||
| 999 |
_c62730 _d62730 |
||